OS/JS systémové oznamy

Salvato in:
Dettagli Bibliografici
Natura: Libro
Lingua:slovacco
Pubblicazione: Bratislava Datasystém 1982
Edizione:3. vyd.
Tags: Aggiungi Tag
Nessun Tag, puoi essere il primo ad aggiungerne!!

MARC

LEADER 00000nam a2200000 4500
001 c134743
005 20250522114141.6
041 0 |a slo 
044 |a SK 
245 1 0 |a OS/JS  |b systémové oznamy 
250 |a 3. vyd. 
264 1 |a Bratislava  |b Datasystém  |c 1982 
300 |a 271 s.